Written Communication (Record no. 487991)

MARC details
000 -LEADER
fixed length control field 00493nam a2200193Ia 4500
008 - FIXED-LENGTH DATA ELEMENTS--GENERAL INFORMATION
fixed length control field 210417s9999 xx 000 0 und d
020 ## - INTERNATIONAL STANDARD BOOK NUMBER
International Standard Book Number 9788178803531
-- 8178803534
082 ## - DEWEY DECIMAL CLASSIFICATION NUMBER
Classification number 302.2244 BHA
Item number 22.302.2244 BHA
245 #0 - TITLE STATEMENT
Title Written Communication
Statement of responsibility, etc. Written Communication
250 ## - EDITION STATEMENT
Remainder of edition statement "viii, 290 p., hbk."
260 ## - PUBLICATION, DISTRIBUTION, ETC.
Place of publication, distribution, etc. New Delhi
Name of publisher, distributor, etc. Rajat Publications
Date of publication, distribution, etc. 2018
700 ## - ADDED ENTRY--PERSONAL NAME
Personal name "Bhatnagar, Piyush "
Numeration Piyush Bhatnagar
Holdings
Withdrawn status Lost status Source of classification or shelving scheme Damaged status Not for loan Home library Current library Shelving location Date acquired Total Checkouts Full call number Barcode Date last seen Price effective from Koha item type
    Dewey Decimal Classification     Anna Centenary Library Anna Centenary Library 3RD FLOOR, B WING 17.04.2021   302.2244 BHA 608264 17.04.2021 17.04.2021 Books

Find us on the map